Plus Grandes Villes de France par Lettre - C - Statistiques

Statistiques générales
  • Ce quiz a été pris 550 fois
  • Le résultat moyen est 11 sur 20
Réponses sur la Carte
Les réponses sont colorées sur une échelle allant du rouge au vert en fonction du pourcentage des utilisateurs qui les ont devinées à leur premier essai. Vous pouvez retrouver ces pourcentages ci-dessous.
 
Statistiques - réponses
Population Ville % Correct
108 200 Caen
96%
67 380 Calais
92%
73 255 Cannes
92%
147 327 Clermont-Ferrand
86%
77 808 Cherbourg-en-Cotentin
85%
67 730 Colmar
82%
63 468 Cayenne
78%
59 856 Chambéry
64%
92 989 Créteil
59%
68 348 Cergy
55%
53 936 Cholet
54%
64 849 Clichy
44%
52 580 Cagnes-sur-Mer
42%
88 870 Colombes
41%
81 516 Courbevoie
37%
54 491 Clamart
31%
52 683 Corbeil-Essonnes
30%
47 160 La {Courneuve}
30%
77 724 Champigny-sur-Marne
27%
54 309 Chelles
15%
Aucun quiz correspondant
Distribution des résultats
% des personnes avec chaque résultat
Percentile par nombre de réponses
Votre historique - résultats
Vous n’avez pas pris ce quiz